Car Compaines with Six Letters or Less - Statistics

General Stats
  • This quiz has been taken 60 times
  • The average score is 12 of 20
Answer Stats
Country Car Brand % Correct
Untied States Ford
96%
Japan Toyota
88%
Japan Honda
86%
Germany BMW
80%
South Korea Kia
79%
Germany Audi
77%
Italy Fiat
77%
Sweden Volvo
75%
Japan Nissan
71%
Japan Mazda
57%
Untied States Dodge
55%
Untied States Jeep
50%
Japan Suzuki
46%
Japan Subaru
43%
Untied States GMC
36%
Japan Lexus
34%
Untied States Buick
32%
Untied Kingdome Jaguar
32%
Japan Acura
25%
Untied States Tesla
25%
No matching quizzes found
Score Distribution
Percent of People with Each Score
Percentile by Number Answered
Your Score History
You have not taken this quiz